000 00510nam a2200193Ia 4500
005 20250423094525.0
008 250422s9999 xx 000 0 und d
020 _a97801332815598
050 _aHF 5667 .A8318/
100 _aBeasley, Mark S..
245 0 _aAuditing cases : an interactive learning approach
250 _a5th ed.
260 _aBoston
260 _bPearson
260 _c2005
300 _a396 p
650 _aAuditing--Case studies. Forensic accounting--Case studies.
942 _cBK
999 _c27493
_d27493